000 01089nam a22002777a 4500
003 BD-DhSAU
005 20181210144902.0
008 150826b2013 bg ||||| |||| 00| 0 eng d
040 _aBD-DhSAU
082 _222
_a581
_bK8325
100 _aKoli, Sharmeen Akhter
_eRegistration # 05-1779
245 _aEffect of variety and plant spacing on seed yield and yield attributes of black cumin (Nigella sative L.) /
_bMS thesis
260 _aSher-e-Bangla Agricultural University :
_bDepartment of Agricultural Botany,
_c2013.
300 _aviii, 56 p. :
_bill. ;
_c30 cm.
500 _aMS thesis of Department of Agricultural Botany, Faculty of Agriculture, Sher-e-Bangla Agricultural University, Dhaka, Bangladesh
590 _aMd. Sirajul Islam
650 _aBotany
650 _aVariety
650 _aSeed
650 _vYield
650 _aBlack cumin
700 _aBhadra, Asim Kumar
_eSupervisor
700 _aMoniruzzaman, Mohd.
_eCo-supervisor
856 _uhttp://archive.saulibrary.edu.bd:8080/xmlui/handle/123456789/381
_yOnline Access
942 _2ddc
_cTHESIS
999 _c10885
_d10884